00361nam a2200133Ia 4500008004100000041000800041082001400049100001900063245005600082260003000138300001800168365001200186520002900198240719s9999 xx 000 0 und d aeng a641.5 DEA aSheremet, Dean aEat Your Heart Out The Look Good, Feel Good, Silver aNew YorkbWoodstockc2016 a256;. P 27 Cm cb25.95 aGifted By : IMT Faculty